Arte de ballestería y montería : (Record no. 99694)
[ view plain ]
| 000 -LEADER | |
|---|---|
| campo de control de longitud fija | 01079nam a2200217 i 4500 |
| 001 - NÚMERO DE CONTROL | |
| campo de control | 99694 |
| 003 - IDENTIFICADOR DE NÚMERO DE CONTROL | |
| campo de control | ES-MaACL |
| 005 - FECHA Y HORA DE LA ÚLTIMA TRANSACCIÓN | |
| campo de control | 20250808224244.0 |
| 007 - CAMPO FIJO DE DESCRIPCIÓN FÍSICA--INFORMACIÓN GENERAL | |
| campo de control de longitud fija | t| |
| 008 - DATOS DE LONGITUD FIJA--INFORMACIÓN GENERAL | |
| campo de control de longitud fija | 050915s1946 sp f 00110 spa d |
| 100 1# - ENTRADA PRINCIPAL--NOMBRE DE PERSONA | |
| Nombre de persona | Martínez de Espinar, Alonso. |
| 9 (RLIN) | 77990 |
| 245 10 - MENCIÓN DEL TÍTULO | |
| Título | Arte de ballestería y montería : |
| Resto del título | escrita con methodo, para escusar la fatiga que ocasiona la ignorancia / |
| Mención de responsabilidad, etc. | dedicale al Serenissmo. Señor Don Balthasar Carlos Fhilippe de Austria... Alonso Martinez de Espinar... ; [publicado por iniciativa de D. Alberto Comenge y Jerpe ; prólogo del Duque de Medinaceli y comentario del Conde de Yebes]. |
| 260 ## - PUBLICACIÓN, DISTRIBUCIÓN, ETC. | |
| Lugar de publicación, distribución, etc. | Madrid : |
| Nombre del editor, distribuidor, etc. | Epesa [Ediciones y Publicaciones Españolas], |
| Fecha de publicación, distribución, etc. | 1946. |
| 300 ## - DESCRIPCIÓN FÍSICA | |
| Extensión | XXX, XXXV, 445 p., 6 lám. ; |
| Dimensiones | 25 cm. |
| 534 ## - NOTA SOBRE LA VERSIÓN ORIGINAL | |
| Frase introductoria | Reprod. de la ed. de: |
| Publicación, distribución, etc. del original | Madrid : Imp. Real, 1644. |
| 650 #4 - PUNTO DE ACCESO ADICIONAL DE MATERIA--TÉRMINO DE MATERIA | |
| Término de materia o nombre geográfico como elemento de entrada | Caza mayor- |
| Subdivisión de forma | Obras anteriores a 1800. |
| 9 (RLIN) | 147670 |
| 650 #4 - PUNTO DE ACCESO ADICIONAL DE MATERIA--TÉRMINO DE MATERIA | |
| Término de materia o nombre geográfico como elemento de entrada | Caza con perros. |
| 9 (RLIN) | 160319 |
| 700 1# - ENTRADA AGREGADA--NOMBRE PERSONAL | |
| Nombre de persona | Medinaceli, Luis Jesús Fernández de Córdoba y Salabert, |
| Títulos y otros términos asociados al nombre | Duque de, |
| Fechas asociadas al nombre | 1880-1956 |
| 9 (RLIN) | 172038 |
| 852 ## - LOCALIZACIÓN | |
| Ubicación | ES-MaACL |
| Número de control de estantería | E-1919 |
| Estatus retirado | Estado de pérdida | Estado de daño | No para préstamo | Biblioteca de origen | Biblioteca actual | Ubicación en estantería | Fecha de adquisición | Fuente de adquisición | Total de préstamos | Signatura topográfica completa | Código de barras | Visto por última vez | Precio de reemplazo | Tipo de ítem Koha |
|---|---|---|---|---|---|---|---|---|---|---|---|---|---|---|
| Biblioteca del Ateneo de Madrid | Biblioteca del Ateneo de Madrid | Depósito 2 | 17/01/2008 | E-1919 | 1104100 | 23/02/2023 | 23/02/2023 | Libro impreso |
